| 000 | 00458nam a2200181Ia 4500 | ||
|---|---|---|---|
| 001 | 17574 | ||
| 005 | 20260306171527.0 | ||
| 008 | 260306s9999||||xx |||||||||||||| ||und|| | ||
| 041 | _aESP | ||
| 082 |
_a658.049 _bB18 |
||
| 100 |
_aBall, Donald A. _eAUT |
||
| 245 | 0 |
_aInternational business: _bthe challenge of global competition |
|
| 260 | _c1996 | ||
| 300 |
_a673 páginas :il. _c28 cm. |
||
| 650 | _aGEN | ||
| 654 | _aCAN | ||
| 942 |
_cLIB _dJUS _fJUS _2ddc _n |
||
| 999 |
_c17574 _d17574 |
||